000 01149nam a2200253 i 4500
001 151477
003 ES-MaACL
005 20250930063129.0
008 931025s1790 sp |||| | spa d
040 _aCAM
_bspa
_cPAB
100 1 _aAndrés, Juan,
_d1740-1817
_921576
245 1 0 _aCartas familiares del abate Juan Andres a su hermano D. Carlos Andres dandole noticia del Viage que hizo ... en el año 1788, /
_cpublicadas por el mismo D. Carlos ; tomo III.
260 _aEn Madrid :
_bpor Don Antonio de Sancha, se hallará en su libreria...,
_c1790.
300 _a[6], 372 p. ;
_c8º.
595 _aExiste al menos otro estado de esta ed., en la que en p. 372 consta por error 272.
597 _aSign.: a3, A-Z8, 2A4.
597 _aAntep.
600 1 7 _aAndrés, Juan,
_d1740-1817-
_vCorrespondencia
_2
_9153332
600 1 7 _aAndrés, Carlos,
_d1753-1821-
_vCorrespondencia
_2
_9153333
651 4 _aItalia-
_xDescripción-
_yS.XVIII.
_98863
700 1 _aAndrés, Carlos,
_d1753-1821
_921569
852 _aES-MaACL
_jR-486-90
_z-- Enc. pasta roja, con hierros dorados en el lomo
_x-- Olim: G-331 -5
999 _c151477
_d151477